000 00621nam a2200241Ia 4500
003 OSt
005 20220926014014.0
006 a|||||r|||| 00| 0
007 ta
008 220923b |||||||| |||| 00| 0 eng d
037 _cGeneral Book
040 _aRTL
_cRTL
_beng
041 _2eng
_aeng
082 _aW691, F7
100 _aLaski Harold J
_939001
245 0 _aCommunism
260 _aNew York
_bKelley
_c1927
300 _aix, 256p
_ccm.
500 _aBibliography: P 252-54
650 _aCommunism
_929280
942 _hW691, F7
_cGB
_2CC
999 _c627454
_d627454